Statistiques concernant Mots croisés - Pays #2

Cliquez ici pour prendre le quiz!

Statistiques générales

  • Ce quiz a été pris 1 053 fois
  • Le résultat moyen est 7 sur 10

Statistiques - réponses

Pays% Correct
1Chili
94%
9Albanie
86%
3Haïti
84%
8Cambodge
79%
5Moldavie
76%
7Gambie
65%
4Turkménistan
65%
6Fidji
51%
10Malawi
51%
2Botswana
44%

Distribution des résultats

Percentile par nombre de réponses

% des personnes avec chaque résultat

Votre développement - résultats

Vous n’avez pas pris ce quiz